00510cam a22001812 4500001001100000005001700011008004100028020001500069040001500084050002200099100003000121245004800151250001200199260003400211300001800245650003400263650003100297000000735720151217155215.0080115s xx 000 0 eng d a9697007782 aKABUcKABU 0aQP34.5b.H65 19861 aHole, John W.@000015559910aEssentials of human anatomy and physiology. a2nd ed. aLondon :bWm C. Brown,c1986. axxii, 522 p. 0aHuman physiology.@0000155597 0aHuman anatomy.@0000155598